00751nam a2200241 a 4500001001300000003000900013005001700022008004100039020001000080082001700090100002000107245006800127260004400195300000900239500003500248505002600283650003200309700002000341902000800361942000700369952011800376999001500494nice12345678IN_TiNIC20260116012724.0050524s1964 lona grp 000 0 eng  ac14000a915.504bFRA aFraser, James B aNarrative of a Journey into Khorasan in the Years 1821 and 1822 aLondan bOxford University Press c1964 a633p aincludes index and biblioraphy2 aAppendex, 148p, Index aIran-Travel and Description1 aFraser, James B bSRS cBK 001040708StackRoom-aHMIbHMId2007-06-05g140.00l0o915.504 FRAp013564r2007-06-05v140.00w2005-05-24yBK c8102d8102